<?xml version="1.0" encoding="UTF-8"?>
<record
    xmlns:xsi="http://www.w3.org/2001/XMLSchema-instance"
    xsi:schemaLocation="http://www.loc.gov/MARC21/slim http://www.loc.gov/standards/marcxml/schema/MARC21slim.xsd"
    xmlns="http://www.loc.gov/MARC21/slim">

  <leader>00375nam a22001457a 4500</leader>
  <controlfield tag="005">20260108095538.0</controlfield>
  <controlfield tag="008">260108b        |||||||| |||| 00| 0 eng d</controlfield>
  <datafield tag="020" ind1=" " ind2=" ">
    <subfield code="a">978-0-099-54067-0</subfield>
  </datafield>
  <datafield tag="100" ind1=" " ind2=" ">
    <subfield code="a"> FORD, MADDOX FORD</subfield>
  </datafield>
  <datafield tag="245" ind1=" " ind2=" ">
    <subfield code="a">THE GOOD SOLDIER</subfield>
  </datafield>
  <datafield tag="260" ind1=" " ind2=" ">
    <subfield code="a">LONDON</subfield>
    <subfield code="b">VINTAGE BOOKS</subfield>
    <subfield code="c">2010</subfield>
  </datafield>
  <datafield tag="300" ind1=" " ind2=" ">
    <subfield code="a">XX, 239P.</subfield>
  </datafield>
  <datafield tag="650" ind1=" " ind2=" ">
    <subfield code="a">MARRIED PEOPLE -FICTION</subfield>
  </datafield>
  <datafield tag="942" ind1=" " ind2=" ">
    <subfield code="2">lcc</subfield>
    <subfield code="c">BK</subfield>
  </datafield>
  <datafield tag="999" ind1=" " ind2=" ">
    <subfield code="c">216427</subfield>
    <subfield code="d">216427</subfield>
  </datafield>
  <datafield tag="952" ind1=" " ind2=" ">
    <subfield code="0">0</subfield>
    <subfield code="1">0</subfield>
    <subfield code="2">lcc</subfield>
    <subfield code="4">0</subfield>
    <subfield code="6">PR6011 O53 F67  02010</subfield>
    <subfield code="7">0</subfield>
    <subfield code="8">ARTS</subfield>
    <subfield code="9">374346</subfield>
    <subfield code="a">KSUL</subfield>
    <subfield code="b">KSUL</subfield>
    <subfield code="c">FIC</subfield>
    <subfield code="d">2026-01-08</subfield>
    <subfield code="i">110768</subfield>
    <subfield code="l">0</subfield>
    <subfield code="o">PR 6011 .O53F67 2010</subfield>
    <subfield code="p">000000024252</subfield>
    <subfield code="r">2026-01-08 09:57:30</subfield>
    <subfield code="t">C.1</subfield>
    <subfield code="w">2026-01-08</subfield>
    <subfield code="y">BK</subfield>
  </datafield>
  <datafield tag="952" ind1=" " ind2=" ">
    <subfield code="0">0</subfield>
    <subfield code="1">0</subfield>
    <subfield code="2">lcc</subfield>
    <subfield code="4">0</subfield>
    <subfield code="6">PR6011 O53 F67  02010</subfield>
    <subfield code="7">0</subfield>
    <subfield code="8">ARTS</subfield>
    <subfield code="9">374347</subfield>
    <subfield code="a">KSUL</subfield>
    <subfield code="b">KSUL</subfield>
    <subfield code="c">FIC</subfield>
    <subfield code="d">2026-01-08</subfield>
    <subfield code="i">110769</subfield>
    <subfield code="l">0</subfield>
    <subfield code="o">PR 6011 .O53F67 2010</subfield>
    <subfield code="p">000000024342</subfield>
    <subfield code="r">2026-01-08 09:57:00</subfield>
    <subfield code="t">C.2</subfield>
    <subfield code="w">2026-01-08</subfield>
    <subfield code="y">BK</subfield>
  </datafield>
  <datafield tag="952" ind1=" " ind2=" ">
    <subfield code="0">0</subfield>
    <subfield code="1">0</subfield>
    <subfield code="2">lcc</subfield>
    <subfield code="4">0</subfield>
    <subfield code="6">PR6011 O53 F67  02010</subfield>
    <subfield code="7">0</subfield>
    <subfield code="8">ARTS</subfield>
    <subfield code="9">374348</subfield>
    <subfield code="a">KSUL</subfield>
    <subfield code="b">KSUL</subfield>
    <subfield code="c">FIC</subfield>
    <subfield code="d">2026-01-08</subfield>
    <subfield code="i">110770</subfield>
    <subfield code="l">0</subfield>
    <subfield code="o">PR 6011 .O53F67 2010</subfield>
    <subfield code="p">000000024335</subfield>
    <subfield code="r">2026-01-08 09:57:00</subfield>
    <subfield code="t">C.3</subfield>
    <subfield code="w">2026-01-08</subfield>
    <subfield code="y">BK</subfield>
  </datafield>
  <datafield tag="952" ind1=" " ind2=" ">
    <subfield code="0">0</subfield>
    <subfield code="1">0</subfield>
    <subfield code="2">lcc</subfield>
    <subfield code="4">0</subfield>
    <subfield code="6">PR6011 O53 F67  02010</subfield>
    <subfield code="7">0</subfield>
    <subfield code="8">ARTS</subfield>
    <subfield code="9">374349</subfield>
    <subfield code="a">KSUL</subfield>
    <subfield code="b">KSUL</subfield>
    <subfield code="c">FIC</subfield>
    <subfield code="d">2026-01-08</subfield>
    <subfield code="i">110771</subfield>
    <subfield code="l">0</subfield>
    <subfield code="o">PR 6011 .O53F67 2010</subfield>
    <subfield code="p">000000024334</subfield>
    <subfield code="r">2026-01-08 09:57:00</subfield>
    <subfield code="t">C.4</subfield>
    <subfield code="w">2026-01-08</subfield>
    <subfield code="y">BK</subfield>
  </datafield>
  <datafield tag="952" ind1=" " ind2=" ">
    <subfield code="0">0</subfield>
    <subfield code="1">0</subfield>
    <subfield code="2">lcc</subfield>
    <subfield code="4">0</subfield>
    <subfield code="6">PR6011 O53 F67  02010</subfield>
    <subfield code="7">0</subfield>
    <subfield code="8">ARTS</subfield>
    <subfield code="9">374350</subfield>
    <subfield code="a">KSUL</subfield>
    <subfield code="b">KSUL</subfield>
    <subfield code="c">FIC</subfield>
    <subfield code="d">2026-01-08</subfield>
    <subfield code="i">110772</subfield>
    <subfield code="l">0</subfield>
    <subfield code="o">PR 6011 .O53F67 2010</subfield>
    <subfield code="p">000000024333</subfield>
    <subfield code="r">2026-01-08 09:57:00</subfield>
    <subfield code="t">C.5</subfield>
    <subfield code="w">2026-01-08</subfield>
    <subfield code="y">BK</subfield>
  </datafield>
</record>
